1997: NFL Teams with the Least Points - Statistics

General Stats
  • This quiz has been taken 5 times
  • The average score is 9 of 10
Answer Stats
Number of points NFL Team % Correct
283 Arizona Cardinals
100%
265 Carolina Panthers
100%
263 Chicago Bears
100%
304 Dallas Cowboys
100%
307 New York Giants
100%
266 San Diego Chargers
100%
305 St. Louis Rams
100%
299 Tampa Bay Buccaneers
100%
237 New Orleans Saints
67%
255 Buffalo Bills
33%
No matching quizzes found
Score Distribution
Percent of People with Each Score
Percentile by Number Answered
Your Score History
You have not taken this quiz